Исследование синтеза ацетильных производных карбазола и превращение их в карбазолил-уксусные кислоты: Диссертация на соискание ученой степени кандидата химических наук

Bibliografiske detaljer
Hovedforfatter: Сухорослова М. М. Мария Михайловна
Institution som forfatter: Томский политехнический институт (ТПИ)
Andre forfattere: Лопатинский В. П. (научный руководитель)
Sprog:russisk
Udgivet: Томск, 1968
Fag:
Format: MixedMaterials Bog
KOHA link:https://koha.lib.tpu.ru/cgi-bin/koha/opac-detail.pl?biblionumber=139614

MARC

LEADER 00000nbm0a2200000 4500
001 139614
005 20231101220815.0
035 |a (RuTPU)RU\TPU\book\151245 
090 |a 139614 
100 |a 20080609d1968 k y0rusy50 ca 
101 0 |a rus 
102 |a RU 
105 |a a m 001zy 
200 1 |a Исследование синтеза ацетильных производных карбазола и превращение их в карбазолил-уксусные кислоты  |e Диссертация на соискание ученой степени кандидата химических наук  |f М. М. Сухорослова  |g Томский политехнический институт (ТПИ) ; науч. рук. В. П. Лопатинский 
210 |a Томск  |d 1968 
215 |a 168 л.  |c ил. 
320 |a Библиогр.: с. 160-168 (123 назв.) 
606 1 |a Карбазолы  |x Химия  |2 stltpush  |3 (RuTPU)RU\TPU\subj\76886  |9 87659 
610 1 |a диссертации 
610 1 |a органический синтез 
610 1 |a ацетильные производные 
610 1 |a уксусные кислоты 
610 1 |a ароматические кетоны 
610 1 |a ацилирование 
675 |a 547.75(04)  |v 3 
700 1 |a Сухорослова  |b М. М.  |c Аносова  |g Мария Михайловна 
702 1 |a Лопатинский  |b В. П.  |4 727 
712 0 2 |a Томский политехнический институт (ТПИ)  |c (1944-1991)  |2 stltpush  |3 (RuTPU)RU\TPU\col\1123 
801 1 |a RU  |b 63413507  |c 20080609  |g PSBO 
801 2 |a RU  |b 63413507  |c 20190529  |g PSBO 
942 |c BK